000 00485nam a22001937a 4500
003 MPLRDC
005 20220104123444.0
008 210129b ||||| |||| 00| 0 eng d
020 _a962-451-298-1
082 _a882.4 KUN-2 c.2
100 _aMILAN KUNDERA
245 _a玩笑
_c黄有德译
250 _a初版一刷
260 _a
_b皇冠出版社有限公司
_c1995
300 _b
490 _a皇冠丛书. 299
650 _a捷克文学
942 _cBK
_o882.4 KUN-2 c.2
999 _c11567
_d11557